000 00519nam a2200181Ia 4500
001 651
008 171108s1969 ii a g b000 u 465 u
020 _a0 600 317137
082 _a645.4
100 _aHonour, Hugh,
_eAuthor.
245 0 _aCabinet makers and Furniture Designers /
_cHugh Honour.
_hTextual Documents
260 _aLondon :
_bSpring books ,
_c1969.
300 _a320p. :
_bill ;
_c28cm. .
653 _aFurniture Design
653 _aDesign-Furniture
653 _aRef Sec-Furniture Design
942 _2ddc
_cBK
999 _c649
_d649